Prachin bhartiya chintan ka itihas (Record no. 1386595)

MARC details
000 -LEADER
fixed length control field 00576nam a2200217Ia 4500
005 - DATE AND TIME OF LATEST TRANSACTION
control field 20250508164021.0
008 - FIXED-LENGTH DATA ELEMENTS--GENERAL INFORMATION
fixed length control field 008 250505s9999 xx 000 0 hin d
020 ## - INTERNATIONAL STANDARD BOOK NUMBER
International Standard Book Number 81-86803-01-7
037 ## - SOURCE OF ACQUISITION
Stock number TextBook
040 ## - CATALOGING SOURCE
Original cataloging agency FEDL
Language of cataloging eng
Transcribing agency FEDL
041 ## - LANGUAGE CODE
Language code of text/sound track or separate title hin
Source of code eng
084 ## - COLON CLASSIFICATION NUMBER
Classification number 954, NAG
Assigning agency FEDL
100 ## - MAIN ENTRY--PERSONAL NAME
Personal name Nagori S L
245 #0 - TITLE STATEMENT
Title Prachin bhartiya chintan ka itihas
260 ## - PUBLICATION, DISTRIBUTION, ETC.
Place of publication, distribution, etc. Jaipur, India
Name of publisher, distributor, etc. National Publishing House
Date of publication, distribution, etc. 2002
300 ## - PHYSICAL DESCRIPTION
Extent 302p.
365 ## - TRADE PRICE
Price type code INR
Price amount 400
650 ## - SUBJECT ADDED ENTRY--TOPICAL TERM
Topical term or geographic name entry element India-History
942 ## - ADDED ENTRY ELEMENTS (KOHA)
Koha item type Textbook
Classification part 954, NAG
Holdings
Withdrawn status Lost status Damaged status Not for loan Home library Current library Date acquired Cost, normal purchase price Total Checkouts Full call number Barcode Date last seen Price effective from Koha item type
        Department of Education Library Department of Education Library 2025-05-08 400.00   954, NAG EL0080200 2025-05-08 2025-05-08 Textbook
Copyright @ Delhi University Library System